| 000 | 00355nam a2200121Ia 4500 | ||
|---|---|---|---|
| 008 | 210430s9999 xx 000 0 und d | ||
| 020 | _a0521-30785-6 | ||
| 082 | _a620.38153J761A | ||
| 100 |
_aJones Martin Hartley _952105 |
||
| 245 | 2 |
_aA Practical Introduction To Electronic Circuits _cJones Martin Hartley |
|
| 260 |
_aNew York _c1977 |
||
| 942 |
_cBK _2ddc |
||
| 999 |
_c563259 _d563259 |
||